| 000 | 00346nam a22001097a 4500 | ||
|---|---|---|---|
| 008 | 230620b xxu||||| |||| 00| 0 eng d | ||
| 082 |
_a306 _bUNE |
||
| 245 | _aInter-parliamentary Conference on Education, Science, Culture and Communication on the Eve of the 21st Century | ||
| 260 | _bInter-Parliamentary Union | ||
| 300 | _a47p | ||
| 942 |
_2ddc _cBK |
||
| 999 |
_c1503 _d1503 |
||